| 000 | 00899nam a22002777a 4500 | ||
|---|---|---|---|
| 999 |
_c15736 _d15736 |
||
| 003 | EG-ScBUE | ||
| 005 | 20210606123729.0 | ||
| 008 | 110725s1996 ua f 000 e ara d | ||
| 017 | _a1996/7400 | ||
| 020 | _a9771910191 | ||
| 040 |
_aEG-ScBUE _bara _erda _cEG-ScBUE _dEG-ScBUE |
||
| 082 | 0 | 4 |
_a892.746 _bم ا ح _222 |
| 100 |
_926429 _aالماحي، سيد، _eمؤلف. |
||
| 245 | 1 | 0 |
_aأطلال الحب ورايات الفجور / _cسيد الماحي. |
| 250 | _aالطبعة الأولى. | ||
| 264 | 1 |
_aالقاهرة : _bالملكة، _c1996. |
|
| 300 |
_a339 صفحة ؛ _c22 سم |
||
| 336 |
_2rdacontent _aنص _btxt |
||
| 337 |
_2rdamedia _aبدون وسيط _bn |
||
| 338 |
_2rdacarrier _aمجلد _bnc |
||
| 650 | 7 |
_aالمقالات العربية _yقرن 20. _2BUEsh |
|
| 651 | _2BUEsh | ||
| 653 |
_bARALIT _cJune2021 |
||
| 655 |
_vReading book _934232 |
||
| 942 |
_2ddc _cBB |
||